LEADER 03027oam 2200481 450 001 9910484520903321 005 20210629155747.0 010 $a1-0716-1195-X 024 7 $a10.1007/978-1-0716-1195-1 035 $a(CKB)4100000011746979 035 $a(DE-He213)978-1-0716-1195-1 035 $a(MiAaPQ)EBC6469860 035 $a(PPN)253856302 035 $a(EXLCZ)994100000011746979 100 $a20210629d2021 uy 0 101 0 $aeng 135 $aurnn|008mamaa 181 $ctxt$2rdacontent 182 $cc$2rdamedia 183 $acr$2rdacarrier 200 10$aHandbook of high-order optical modulations $esignal and spectra for coherent multi-terabit optical fiber transmission /$fStefano Bottacchi 205 $a1st ed. 2021. 210 1$aNew York :$cSpringer,$d[2021] 210 4$d©2021 215 $a1 online resource (XVIII, 860 p. 476 illus., 337 illus. in color.) 311 $a1-0716-1193-3 327 $aChapter 1. Introduction to Multi-Terabit Optical Communication -- Chapter 2. Theory of Pseudo-random PAM Sequences and Power Spectra -- Chapter 3. Simulations of PAM Signals and Power Spectra -- Chapter 4. Theory of Optical Complex Modulations -- Chapter 5. Advanced Optical Complex Modulations -- Chapter 6. Impulse Response Engineering and Eye Diagram Statistical Analysis. 330 $aThis book highlights many fundamental aspects of optical fiber transmission engineering while also focusing on current state of the art applications and working examples of digital coherent optical communications. Major engineering themes are reviewed and analyzed in this book, including spectral and time-domain characteristics of multi-level pseudo-random PAM signals, optical QAM and SSB complex modulations and impulse response engineering of linear amplifiers used in next-generation Gbaud transmission systems. This book is balanced between theoretical and numerical simulation approaches, showing numerous working examples developed in Matlab. Presents an in-depth analysis of pseudo-random multi-level signals and high-order complex modulations to support coherent terabit transmission systems; Provides a unified approach to challenging engineering issues encountered in the design of Giga-baud coherent optical transmission systems using high-order complex modulation formats; Reviews engineering themes and provides in-depth analysis, modeling and quantitative examples and solutions of state of the art and future applications. 606 $aOptical fiber communication$vHandbooks, manuals, etc 606 $aModulation (Electronics) 606 $aOptical fiber communication 615 0$aOptical fiber communication 615 0$aModulation (Electronics) 615 0$aOptical fiber communication. 676 $a621.38275 700 $aBottacchi$b Stefano$0908047 801 0$bMiAaPQ 801 1$bMiAaPQ 801 2$bUtOrBLW 906 $aBOOK 912 $a9910484520903321 996 $aHandbook of high-order optical modulations$92854032 997 $aUNINA